000 00366nam a2200121Ia 4500
008 190722s9999 xx 000 0 und d
020 _a978-0-230-52479-8
100 _aPhilip Hancock, Melissa Tyler
245 0 _apalgrave Critical management Studies The management of Everyday Life
260 _aEngland (U.K.)
_bPalgrave Macmillian
_c2009
300 _a227
942 _cBK
999 _c142
_d142